Cheshire, North & Fawcett private international law / (Record no. 4336)
| 000 -LEADER | |
|---|---|
| fixed length control field | 01328cam a2200349 i 4500 |
| 001 - CONTROL NUMBER | |
| control field | 19702072 |
| 003 - CONTROL NUMBER IDENTIFIER | |
| control field | OSt |
| 005 - DATE AND TIME OF LATEST TRANSACTION | |
| control field | 20230710104713.0 |
| 008 - FIXED-LENGTH DATA ELEMENTS--GENERAL INFORMATION | |
| fixed length control field | 170612s2017 enk b 001 0 eng |
| 010 ## - LIBRARY OF CONGRESS CONTROL NUMBER | |
| LC control number | 2017945333 |
| 020 ## - INTERNATIONAL STANDARD BOOK NUMBER | |
| International Standard Book Number | 9780199678990 (pbk.) |
| 020 ## - INTERNATIONAL STANDARD BOOK NUMBER | |
| International Standard Book Number | 9780199678983 (hbk.) |
| 040 ## - CATALOGING SOURCE | |
| Original cataloging agency | DLC |
| Language of cataloging | eng |
| Description conventions | rda |
| Transcribing agency | DLC |
| 042 ## - AUTHENTICATION CODE | |
| Authentication code | pcc |
| 043 ## - GEOGRAPHIC AREA CODE | |
| Geographic area code | e-uk--- |
| 050 00 - LIBRARY OF CONGRESS CALL NUMBER | |
| Classification number | KD680.C45 2017 |
| 245 00 - TITLE STATEMENT | |
| Title | Cheshire, North & Fawcett private international law / |
| Statement of responsibility, etc | edited by Paul Torremans ; consultant editor, James J. Fawcett ; authors, Uglješa Grušić [and 7 others]. |
| 246 30 - VARYING FORM OF TITLE | |
| Title proper/short title | Private international law |
| 250 ## - EDITION STATEMENT | |
| Edition statement | Fifteenth edition. |
| 260 ## - PUBLICATION, DISTRIBUTION, ETC. (IMPRINT) | |
| Place of publication, distribution, etc | Oxford United Kingdom |
| Name of publisher, distributor, etc | Oxford University Press |
| Date of publication, distribution, etc | 2017 |
| 300 ## - PHYSICAL DESCRIPTION | |
| Extent | clxxxviii, 1435 pages ; |
| Dimensions | 25 cm |
| 504 ## - BIBLIOGRAPHY, ETC. NOTE | |
| Bibliography, etc | Includes bibliographical references and index. |
| 650 #0 - SUBJECT ADDED ENTRY--TOPICAL TERM | |
| Topical term or geographic name as entry element | Conflict of laws |
| Geographic subdivision | Great Britain. |
| 700 1# - ADDED ENTRY--PERSONAL NAME | |
| Personal name | Torremans, Paul, |
| Relator term | editor. |
| 700 1# - ADDED ENTRY--PERSONAL NAME | |
| Personal name | Fawcett, J. J., |
| Relator term | editor. |
| 700 1# - ADDED ENTRY--PERSONAL NAME | |
| Personal name | Grušić, Uglješa. |
| 775 08 - OTHER EDITION ENTRY | |
| Display text | Revision of: |
| Main entry heading | Fawcett, J.J. |
| Title | Cheshire, North & Fawcett private international law |
| Edition | 14th ed. |
| Place, publisher, and date of publication | Oxford ; New York : Oxford University Press, 2008 |
| 906 ## - LOCAL DATA ELEMENT F, LDF (RLIN) | |
| a | 7 |
| b | cbc |
| c | origcop |
| d | 2 |
| e | epcn |
| f | 20 |
| g | y-gencatlg |
| 942 ## - ADDED ENTRY ELEMENTS (KOHA) | |
| Source of classification or shelving scheme | |
| Koha item type | Book |
| Withdrawn status | Lost status | Source of classification or shelving scheme | Damaged status | Not for loan | Home library | Current library | Date acquired | Total Checkouts | Total Renewals | Full call number | Barcode | Date last seen | Date checked out | Copy number | Price effective from | Koha item type |
|---|---|---|---|---|---|---|---|---|---|---|---|---|---|---|---|---|
| Riara University Library | Riara University Library | 06/07/2023 | 2 | 1 | KD680.C45 2017 | 10669/23 | 25/07/2024 | 01/07/2024 | C.1 | 10/07/2023 | Book | |||||
| Riara University Library | Riara University Library | 06/07/2023 | KD680.C45 2017 | 10670/23 | 10/07/2023 | C.2 | 10/07/2023 | Book | ||||||||
| Riara University Library | Riara University Library | 06/07/2023 | 2 | KD680.C45 2017 | 10671/23 | 11/09/2024 | 15/07/2024 | C.3 | 10/07/2023 | Book |
